| 000 | 00943cam a2200277 i 4500 | ||
|---|---|---|---|
| 001 | 200460270 | ||
| 003 | TR-AnTOB | ||
| 005 | 20241210151643.0 | ||
| 007 | ta | ||
| 008 | 031231s1998 tu a r 000 0 tur d | ||
| 040 |
_aTR-AnTOB _beng _erda _cTR-AnTOB |
||
| 041 | 0 | _atur | |
| 050 | 4 |
_aHF5230.5.I95 _bA4534 1998 |
|
| 090 |
_aTOBBK HF 5230.5.I95 _bA4534 1998 |
||
| 245 | 0 | 0 |
_aAliağa ticaret ve sanayi rehberi 1998 / _cAliağa Ticaret Odası. |
| 264 | 1 |
_aİzmir : _bAliağa Ticaret Odası, _c1998. |
|
| 300 |
_aunnumbered pages : _billustrations ; _c19 cm |
||
| 336 |
_atext _btxt _2rdacontent |
||
| 337 |
_aunmediated _bn _2rdamedia |
||
| 338 |
_avolume _bnc _2rdacarrier |
||
| 651 | 7 |
_aAliağa (İzmir İli, Türkiye) _xTicaret _vRehberler _2etuturkob _9145188 |
|
| 651 | 7 |
_aAliağa (İzmir İli, Türkiye) _xİmalat _vRehberler _2etuturkob _9145188 |
|
| 710 | 2 |
_aAliağa Ticaret Odası _9145402 |
|
| 942 |
_2lcc _cBK |
||
| 999 |
_c200460270 _d78482 |
||